|
|
|
|
| LEADER |
00000cam a22000004a 4500 |
| 001 |
musev2_40968 |
| 003 |
MdBmJHUP |
| 005 |
20230905044309.0 |
| 006 |
m o d |
| 007 |
cr||||||||nn|n |
| 008 |
151128s2015 xx o 00 0 eng d |
| 020 |
|
|
|a 9780823264414
|
| 020 |
|
|
|z 9780823264377
|
| 035 |
|
|
|a (OCoLC)914289674
|
| 040 |
|
|
|a MdBmJHUP
|c MdBmJHUP
|
| 100 |
1 |
|
|a Maas, Sander van.
|
| 245 |
1 |
0 |
|a Thresholds of Listening :
|b Sound, Technics, Space
|
| 264 |
|
1 |
|a Bronx :
|b Fordham University Press,
|c 2015.
|
| 264 |
|
3 |
|a Baltimore, Md. :
|b Project MUSE,
|c 2015
|
| 264 |
|
4 |
|c ©2015.
|
| 300 |
|
|
|a 1 online resource (324 pages).
|
| 336 |
|
|
|a text
|b txt
|2 rdacontent
|
| 337 |
|
|
|a computer
|b c
|2 rdamedia
|
| 338 |
|
|
|a online resource
|b cr
|2 rdacarrier
|
| 505 |
0 |
|
|a Front ; contents; Introduction; The Auditory Re-Turn (The Point of Listening); "Dear Listener . . ."; Scenes of Inner Devastation; Positive Feedback; "Antennas Have Long Since Invaded Our Brains"; Movement at the Boundaries of Listening, Composition, and Performance; The Biopolitics of Noise; Torture as an Instrument of Music; Stop It, I Like It!; Sounds of Belonging; Back to the Beat; The Discovery of Slowness in Music; Negotiating Ecstasy; Index.
|
| 520 |
|
|
|a This collection of essays addresses recent and historical changes in the ways in which listening has been conceived as a cultural agency and act. It argues that listening, by emancipating from an essentially implied, passive-receiving, and subjected position, has become an explicit factor in culture and the object of proactive collective and individual politics.
|
| 588 |
|
|
|a Description based on print version record.
|
| 650 |
|
7 |
|a Listening.
|2 fast
|0 (OCoLC)fst00999799
|
| 650 |
|
6 |
|a Écoute (Psychologie)
|
| 650 |
|
0 |
|a Listening.
|
| 655 |
|
7 |
|a Electronic books.
|2 local
|
| 710 |
2 |
|
|a Project Muse.
|e distributor
|
| 830 |
|
0 |
|a Book collections on Project MUSE.
|
| 856 |
4 |
0 |
|z Texto completo
|u https://projectmuse.uam.elogim.com/book/40968/
|
| 945 |
|
|
|a Project MUSE - Custom Collection
|
| 945 |
|
|
|a Project MUSE - 2015 Philosophy and Religion
|
| 945 |
|
|
|a Project MUSE - 2015 Complete
|